000
00275nam a22001337a 4500
003
SGT
020
_a
9789351610120
082
_a
519
_b
GUP
100
_a
GUPTA S.P
245
_a
BUSINESS STATISTICS
260
_b
SULTAN CHAND
_c
2018
300
_a
798
942
_2
ddc
_c
BK
_0
117
999
_c
16285
_d
16285